Why don't worms have legs?. (Record no. 112948)
[ view plain ]
| 000 -LEADER | |
|---|---|
| fixed length control field | 00288nam a2200121 a 4500 |
| 001 - CONTROL NUMBER | |
| control field | 4140 |
| 005 - DATE AND TIME OF LATEST TRANSACTION | |
| control field | 20140414131957.0 |
| 008 - FIXED-LENGTH DATA ELEMENTS--GENERAL INFORMATION | |
| fixed length control field | 090218s19uu xx 00 eng d |
| 050 ## - LIBRARY OF CONGRESS CALL NUMBER | |
| Classification number | TR 595.7 |
| Item number | V46 2003 |
| 100 ## - MAIN ENTRY--PERSONAL NAME | |
| Personal name | Vaughan, Jenny |
| 245 ## - TITLE STATEMENT | |
| Title | Why don't worms have legs?. |
| Withdrawn status | Lost status | Damaged status | Use restrictions | Home library | Current library | Shelving location | Date acquired | Source of acquisition | Total Checkouts | Full call number | Barcode | Date last seen | Price effective from | Koha item type |
|---|---|---|---|---|---|---|---|---|---|---|---|---|---|---|
| Munich Library | Munich Library | Teachers Reference Section | 02/18/2009 | TR 595.7 V46 2003 | M4373 | 04/14/2014 | 04/14/2014 | Books |